| 000 | 00546nam a2200169 a 4500 | ||
|---|---|---|---|
| 001 | 000031532 | ||
| 005 | 20200930063009.0 | ||
| 008 | 110627s1915 xxu 000 0 spa d | ||
| 040 |
_aDO-SdBNP _bspa _cBNPHU |
||
| 082 |
_axxxx _bE79 |
||
| 110 | 1 |
_aEstado Unidos. _bBefore The Departament of State _957898 |
|
| 245 | 0 | 0 | _aThe successors of J. B. Vicini against the Dominican Republic. |
| 260 |
_a[Washington] : _b[s. n.], _c1915. |
||
| 300 |
_a55 p. ; _c22 cm. |
||
| 500 | _aLetter of Mr. Crammond kennedy to the Secretary of State | ||
| 049 | _aBNPD | ||
| 999 |
_c31024 _d31024 |
||